Statistics for Countries without a river

Click here to take the quiz!

General Stats

  • This quiz has been taken 19 times
  • The average score is 11 of 17

Answer Stats

Country % Correct
Vatican City
84%
Qatar
79%
Nauru
79%
Monaco
79%
Bahrain
79%
Yemen
74%
Saudi Arabia
74%
Oman
74%
United Arab Emirates
63%
Kuwait
63%
Marshall Islands
63%
Maldives
58%
Kiribati
58%
Tuvalu
58%
Bahamas
53%
Malta
53%
Comoros
47%

Score Distribution

Percentile by Number Answered

Percent of People with Each Score

Your Score History

You have not taken this quiz